Statistiques concernant Devinez le prénom de ces compositeurs de Jazz et Blues

Cliquez ici pour prendre le quiz!

Statistiques générales

  • Ce quiz a été pris 98 fois
  • Le résultat moyen est 8 sur 13

Statistiques - réponses

HintRéponse% Correct
ArmstrongLouis
94%
EllingtonDuke
93%
FitzgeraldElla
86%
HolidayBillie
77%
ReinhardtDjango
75%
ParkerCharlie
73%
PetersonOscar
63%
GillespieDizzy
62%
JoplinScott
49%
DominoFats
40%
MillerGlenn
36%
MarsalisWynton
36%
BeiderbeckeBix
26%

Distribution des résultats

Percentile par nombre de réponses

% des personnes avec chaque résultat

Votre développement - résultats

Vous n’avez pas pris ce quiz